00366nam a2200145Ia 4500008004100000020001800041041000800059082001700067100002400084245003000108250000600138260004200144300001400186650002000200210716s2012 xx 000 0 und d a9788120345720 aeng a657.046 MOHA aMohapatra, A K Das. aInternational accounting. a2 aNew DelhibPHI Learning Pvt Ltdc2012 axviii,406 aAccounting(657)